Z různých koutů světa /

Hlavní autor: Váňa, Jan, 1847-1915
Jazyk: Čeština
Vydáno: Praha : Beaufort, 1902
Fyzický popis: 126 s.
Knihy
Uloženo v:
LEADER 00690nam a22002172a 4500
001 001093217
003 CZ BrMZK
005 20100713151203.0
007 ta
008 100412s1902 xr er|||||||||||cze d
040 |a OLA001  |b cze  |d BOA001 
100 1 |a Váňa, Jan,  |d 1847-1915  |7 jk01141371  |4 aut 
245 1 0 |a Z různých koutů světa /  |c Jan Váňa 
260 |a Praha :  |b Beaufort,  |c 1902 
300 |a 126 s. 
910 |a BOA001  |b 1-0302.472 
990 |a BK 
993 |a Y 
991 |b 201004 
996 6 |b 2619385911  |c 1-0302.472  |l MZK  |r Sklad / do 1 hodiny  |n 0  |w 001118618  |u 000010  |a 1  |e BOA001  |j MZK50  |s P 
996 6 |b 2619385912  |c 1-0302.472  |l MZK  |r Sklad / do 1 hodiny  |n 0  |w 001118618  |u 000020  |a 1  |e BOA001  |j MZK50  |s P